[Event "Dreifluesse op"]
[Site "Passau"]
[Date "1998.04.11"]
[Round "4"]
[White "Babula, Milan"]
[Black "Seidl, Juergen"]
[Result "1/2-1/2"]
[WhiteElo "2315"]
[BlackElo "2126"]

1.e4 e6 2.d4 d5 3.Nc3 Bb4 4.e5 Ne7 5.a3 Bxc3+ 6.bxc3 c5 7.Nf3 Nbc6 8.a4 Qa5
9.Qd2 f6 10.exf6 gxf6 11.Be2 Bd7 12.Ba3 cxd4 13.cxd4 Rc8 14.c3 O-O 15.O-O Qc7
16.c4 Rf7 17.Rfc1 dxc4 18.Bxc4 Nd5 19.Qa2 Qa5 20.Bd6 Nce7 21.Qb3 Nf5 22.Bg3 Nxg3
23.hxg3 Kg7 24.Qxb7 Nb6 25.Bf1 Rxc1 26.Rxc1 Qxa4 27.Qe4 Kf8 28.Bd3 Nd5 29.Rb1 Nb6
30.g4 Qa5 31.Qf4 Bc6 32.Be4 Bxe4 33.Qxe4 Qd5 34.Qf4 Ke7 35.Rc1 Nd7 36.Rc7 a5
37.g5 f5 38.Qh4 Kf8 39.Qh6+ Kg8 40.Kh2 Nf8 41.Rxf7 Kxf7 42.Qf6+ Kg8 43.Ne5 Qb7
44.g6 hxg6 45.Nxg6 Nxg6 46.Qxg6+ Qg7 47.Qg3 Kf8 48.Kg1 Qd7 49.Qg8+ Ke7 50.Qg7+ Ke8
51.Qh8+ Ke7 52.Qg7+  1/2-1/2

[Event "GRE-chT"]
[Site "Poros"]
[Date "1998.04.26"]
[Round "9"]
[White "Angelopoulos, Georgios"]
[Black "Tantsis, Georgios"]
[Result "1/2-1/2"]
[WhiteElo "2060"]
[BlackElo "2170"]

1.e4 e6 2.d4 d5 3.Nc3 Bb4 4.e5 Ne7 5.Nf3 c5 6.a3 Bxc3+ 7.bxc3 Nbc6 8.a4 Bd7
9.Be2 Qa5 10.O-O f6 11.exf6 gxf6 12.c4 O-O-O 13.Ba3 Ng6 14.cxd5 exd5 15.dxc5 Rhg8
16.Bc1 Qxc5 17.Be3 Qd6 18.Qd2 d4 19.Rfd1 Qd5 20.g3 Nge5 21.Nxd4 Bh3 22.f3 Rge8
23.Qc3 Qf7  1/2-1/2

[Event "ARG-ch"]
[Site "Buenos Aires"]
[Date "1998.04.28"]
[Round "12"]
[White "Alonso, Salvador"]
[Black "Gomez Baillo, Jorge H"]
[Result "0-1"]
[WhiteElo "2390"]
[BlackElo "2440"]

1.e4 e6 2.d4 d5 3.Nc3 Bb4 4.e5 b6 5.h4 Ba6 6.Qg4 Bf8 7.Bxa6 Nxa6 8.Nh3 Nb4
9.Bg5 Qd7 10.O-O-O h6 11.Be3 h5 12.Qe2 Ne7 13.Nf4 g6 14.a3 Nbc6 15.g4 Bh6
16.gxh5 Bxf4 17.Bxf4 Rxh5 18.Qg4 O-O-O 19.Ne2 Kb7 20.Ng3 Rhh8 21.Bg5 Rc8
22.h5 gxh5 23.Nxh5 Nf5 24.Nf6 Qd8 25.c3 Nce7 26.Qf3 c5 27.dxc5 Rxh1 28.Qxh1 Rxc5
29.Qh7 Qc8 30.Qxf7 Rxc3+ 31.Kb1 Qc4 32.Nxd5 exd5 33.Bxe7 Qe4+ 34.Ka1 Rc7
35.Qxd5+ Qxd5 36.Rxd5 Rxe7 37.f4 Kc6 38.Rd8 Kc5 39.Kb1 Nd4 40.Rf8 Kd5 41.f5 Kxe5
42.f6 Rd7  0-1

[Event "SVR-ch MA"]
[Site "Nickenich"]
[Date "1998.04.??"]
[Round "?"]
[White "Balcerak, Philipp"]
[Black "Winhold, Jens"]
[Result "1-0"]
[WhiteElo "1785"]
[BlackElo "1900"]

1.e4 e6 2.d4 d5 3.Nc3 Bb4 4.e5 Ne7 5.a3 Bxc3+ 6.bxc3 c5 7.Qg4 Qc7 8.Qxg7 Rg8
9.Qxh7 cxd4 10.Ne2 Nbc6 11.f4 Bd7 12.Qd3 dxc3 13.Rb1 Nf5 14.h3 Rc8 15.a4 Nh4
16.Qh7 Nf3+ 17.Kf2 Ke7 18.Kxf3 d4 19.Kf2 Rg6 20.Ng3 Rcg8 21.Qh4+ Ke8 22.Bd3 R6g7
23.Nh5  1-0

[Event "Budapest FS05 IM"]
[Site "Budapest"]
[Date "1998.05.07"]
[Round "6"]
[White "Skorna, Ullrich"]
[Black "Karatorossian, David"]
[Result "0-1"]
[WhiteElo "2195"]
[BlackElo "2375"]

1.e4 e6 2.d4 d5 3.Nc3 Bb4 4.e5 b6 5.Qg4 Bf8 6.Bg5 Qd7 7.f4 Ba6 8.Nf3 Bxf1
9.Rxf1 Nc6 10.O-O-O g6 11.Qh3 Bg7 12.g4 h5 13.f5 hxg4 14.Qxg4 gxf5 15.Qg3 Bh6
16.Ne2 Qe7 17.h4 Qf8 18.Nf4 Nge7 19.Rh1 O-O-O 20.Bf6 Rg8 21.Ng5 Kb7 22.Qa3 Rc8
23.Qa4 Ng6 24.Nxg6 Rxg6 25.c4 dxc4 26.Qxc4 Nb4 27.d5 Nxd5 28.Rxd5 exd5 29.Qxd5+ Kb8
30.Kb1 Bg7 31.h5 Bxf6 32.Nh7 Qd8 33.Qxd8 Bxd8 34.hxg6 fxg6 35.Rg1 f4 36.Kc2 Bh4
37.Nf6 f3 38.Rf1 f2 39.Kd3 Kb7 40.Ke4 Rf8 41.Ng4 Kc6 42.Ne3 Kd7 43.Rd1+ Ke6
44.Rh1 Bg5 45.Nf1 Rf4+ 46.Kd3 Rh4 47.Rxh4 Bxh4 48.Ke4  0-1

[Event "Boca Juniors op"]
[Site "Buenos Aires"]
[Date "1998.05.08"]
[Round "2"]
[White "Eggert, Alberto"]
[Black "Barria, Daniel"]
[Result "0-1"]
[WhiteElo "2065"]
[BlackElo "2365"]

1.e4 e6 2.d4 d5 3.Nc3 Bb4 4.e5 Ne7 5.a3 Bxc3+ 6.bxc3 c5 7.Nf3 b6 8.Bd3 h6
9.O-O Ba6 10.Bxa6 Nxa6 11.Qe2 Nb8 12.a4 Nd7 13.Ba3 O-O 14.Nh4 Nc6 15.Qg4 Qg5
16.Qh3 f5 17.Rad1 Qh5 18.f4 Rf7 19.Qg3 g5 20.fxg5 hxg5 21.Nf3 Rg7 22.Qf2 c4
23.Bc1 Rf8 24.Qd2 f4 25.h3 Rff7 26.Nh2 Ne7 27.Ng4 Nf5 28.Qf2 Rh7 29.Bd2 Ng3
30.Rfe1 Qxg4  0-1

[Event "Capablanca mem 33th Premier"]
[Site "Havana"]
[Date "1998.05.11"]
[Round "5"]
[White "Vazquez, Renier"]
[Black "Pecorelli Garcia, Humberto"]
[Result "1/2-1/2"]
[WhiteElo "2405"]
[BlackElo "2465"]

1.e4 e6 2.d4 d5 3.Nc3 Bb4 4.e5 Qd7 5.Bd2 b6 6.Bb5 c6 7.Ba4 a5 8.a3 Bf8 9.Nce2 b5
10.Bb3 c5 11.dxc5 Nc6 12.Nf3 Bxc5 13.O-O Nge7 14.Nf4 O-O 15.Re1 Qa7 16.Nd3 Bb6
17.Ba2 b4 18.axb4 axb4 19.Bb3 Ba6 20.Be3 Bxe3 21.Rxe3 Nf5 22.Re1 Qb6 23.Nf4 Bc4
24.Rxa8 Rxa8 25.Bxc4 dxc4 26.Qe2 Qc5 27.Qe4 Ra5 28.g4 Nfe7 29.h4 h6 30.g5 hxg5
31.Nxg5 g6 32.Nf3 b3 33.h5 gxh5 34.Nxh5 Ng6 35.cxb3 Ncxe5 36.Nxe5 Qxe5 37.Qxe5 Nxe5
38.Re3 Nd3 39.bxc4 Nxb2 40.Nf6+ Kg7 41.Ne8+ Kf8 42.Nd6 Ke7 43.Rb3  1/2-1/2

[Event "Boca Juniors op"]
[Site "Buenos Aires"]
[Date "1998.05.13"]
[Round "6"]
[White "Seminara, Juan Pablo"]
[Black "Dorin, Mauricio"]
[Result "1/2-1/2"]
[WhiteElo "2320"]
[BlackElo "2355"]

1.e4 e6 2.d4 d5 3.Nc3 Bb4 4.e5 b6 5.a3 Bxc3+ 6.bxc3 Qd7 7.Qg4 f5 8.Qg3 Ba6
9.Bd3 Bxd3 10.cxd3 Nc6 11.h4 O-O-O 12.h5 Kb8 13.Ne2 Nh6 14.Bxh6 gxh6 15.Qe3 Qg7
16.Nf4 Rhe8 17.Ke2 Na5 18.Rhg1 Rc8 19.f3 c5 20.Rac1 c4 21.g4 fxg4 22.Rxg4 Qf8
23.Ra1 Rc6 24.Kf2 Rec8 25.Ne2 Nb3 26.Rf4 Qe7 27.Ra2 Qg5 28.dxc4 Rxc4 29.Rb2 Na5
30.Rb1 Qxh5 31.Rg1 R4c7 32.Rf6 Nc4 33.Qxh6 Qxh6 34.Rxh6 Re7 35.a4 Rf8 36.Rf6 Rfe8
37.Nf4 Kc7 38.Rh1 a5 39.Nd3 Rg8 40.Rfh6 Rgg7 41.Nf4 Kd7 42.Nh5 Rgf7 43.Nf6+ Kc6
44.Nxh7 Rf5 45.Rf6 Nb2 46.Rxf5 exf5 47.Rh6+ Kb7 48.Nf6 Nd1+ 49.Ke2 Nxc3+
50.Kd3 Rc7 51.Rh8  1/2-1/2

[Event "Boca Juniors op"]
[Site "Buenos Aires"]
[Date "1998.05.13"]
[Round "6"]
[White "Tempone, Marcelo"]
[Black "Schweber, Samuel"]
[Result "1-0"]
[WhiteElo "2445"]
[BlackElo "2355"]

1.e4 e6 2.d4 d5 3.Nc3 Bb4 4.e5 Ne7 5.a3 Bxc3+ 6.bxc3 c5 7.Nf3 Nbc6 8.a4 Qa5
9.Bd2 Bd7 10.Bb5 h6 11.O-O O-O 12.Qc1 Kh7 13.Bd3+ Ng6 14.c4 Qc7 15.h4 dxc4
16.Be4 Nxd4 17.Nxd4 cxd4 18.h5 Qxe5 19.hxg6+ fxg6 20.Qe1 Qh5 21.f4 Bc6 22.Bb4 Rfd8
23.Bxc6 bxc6 24.Qxe6 c5 25.Ba5 Re8 26.Qxc4 Re2 27.Rae1 Rae8 28.Rxe2 Rxe2
29.Rf3 Re4 30.Bd2 Qf5 31.a5 Re6 32.Rf1 a6 33.Qd3 Qd5 34.c4 Qc6 35.Rb1  1-0

[Event "Szeged TT05 IM"]
[Site "Szeged"]
[Date "1998.05.27"]
[Round "7"]
[White "Rizsonkov, Vladimir"]
[Black "Papp, Laszlo"]
[Result "0-1"]
[WhiteElo "2270"]
[BlackElo "2225"]

1.e4 e6 2.d4 d5 3.Nc3 Bb4 4.e5 Ne7 5.a3 Bxc3+ 6.bxc3 c5 7.Nf3 Nbc6 8.Bd3 c4
9.Bf1 Qa5 10.Qd2 Bd7 11.g3 h6 12.Bh3 O-O-O 13.O-O g5 14.a4 Rdg8 15.Bg2 Nf5
16.g4 Nfe7 17.Ba3 Kb8 18.Rfb1 Ka8 19.Rb5 Qd8 20.Qc1 Ng6 21.Qb1 Bc8 22.Bd6 Nf4
23.Rc5 Qd7 24.Nd2 Nxg2 25.Kxg2 h5 26.Qd1 hxg4 27.Qxg4 f5 28.Qf3 b6 29.Rb5 Qh7
30.Rh1 g4 31.Qe3 f4 32.Qxf4 Qh3+ 33.Kg1 Qxc3 34.Qe3 Qxd4 35.c3 Qxe3 36.fxe3 Rh5
37.Nf1 Nxe5 38.Ng3 Nf3+ 39.Kg2 Rh7 40.h3 Nh4+ 41.Kf2 Bd7 42.Rb4 gxh3 43.Rxh3 e5
44.Rh1 Rf7+ 45.Ke2 Rxg3 46.Rxh4 Bg4+ 47.Rxg4 Rxg4 48.Bxe5 Rg2+ 49.Ke1 Rff2
50.a5 Ra2 51.Kf1 Rgc2 52.Bg3 Rxa5 53.Be1 Ra1  0-1

[Event "Garcia mem Premier"]
[Site "Santa Clara"]
[Date "1998.06.05"]
[Round "10"]
[White "Vazquez, Renier"]
[Black "Pecorelli Garcia, Humberto"]
[Result "1/2-1/2"]
[WhiteElo "2405"]
[BlackElo "2465"]

1.e4 e6 2.d4 d5 3.Nc3 Bb4 4.e5 Ne7 5.a3 Bxc3+ 6.bxc3 c5 7.Nf3 b6 8.a4 h6
9.Bb5+ Nd7 10.Ba3 Qc7 11.O-O O-O 12.Re1 Nc6 13.Qd2 Bb7 14.Qe3 Rac8 15.h3 Na5
16.Nh2 Nc4 17.Qg3 Nxa3 18.Rxa3 f5 19.exf6 Qxg3 20.fxg3  1/2-1/2

[Event "Politiken Cup"]
[Site "Copenhagen"]
[Date "1998.07.06"]
[Round "3"]
[White "Coleman, David"]
[Black "Weclawski, Doris"]
[Result "1-0"]
[WhiteElo "2240"]
[BlackElo "2050"]

1.e4 e6 2.d4 d5 3.Nc3 Bb4 4.e5 Ne7 5.a3 Bxc3+ 6.bxc3 c5 7.Qg4 Qc7 8.Bd3 cxd4
9.Ne2 Nbc6 10.cxd4 Bd7 11.O-O g6 12.Bg5 h5 13.Qf4 Rh7 14.h4 Ng8 15.f3 Na5
16.g4 Nc4 17.Rfb1 Nb6 18.Ng3 Rh8 19.Ne2 Ba4 20.Rb4 Qd7 21.Rab1 Rc8 22.Rxa4 Nxa4
23.Bb5 Rc6 24.Bxa4 a6 25.Bxc6 Qxc6 26.Qd2  1-0

[Event "Smith & Williamson"]
[Site "Witley"]
[Date "1998.07.20"]
[Round "2"]
[White "Debbage, Ian A"]
[Black "Roberts, Mark"]
[Result "1-0"]
[WhiteElo "2025"]
[BlackElo "1976"]

1.e4 e6 2.d4 d5 3.Nc3 Bb4 4.e5 Qd7 5.a3 Bxc3+ 6.bxc3 b6 7.Qg4 f5 8.Qg3 Ba6
9.Bxa6 Nxa6 10.Ne2 Nb8 11.Nf4 g6 12.h4 Ne7 13.h5 Rg8 14.hxg6 hxg6 15.Qg5 Nbc6
16.Qf6 O-O-O 17.Nxe6 Rde8 18.Rh7 Nd8 19.Nxd8 Kxd8 20.Bg5 Rgf8 21.Qxg6 Kc8
22.Qg7 Rg8 23.Qf6 Qc6 24.Qxc6 Nxc6 25.f4 Rh8 26.Rxh8 Rxh8 27.Kf2 Na5 28.Bf6 Rh2
29.e6 Nc4 30.Re1 Nd6 31.e7 Kd7 32.e8=Q+ Nxe8 33.Re7+ Kd8 34.Rh7+ Nxf6 35.Rxh2 Ng4+
36.Kg3 Nxh2 37.Kxh2 Ke7 38.Kh3 Kf6 39.g4 b5 40.g5+ Kg7 41.Kg3 a5 42.Kf2 Kf7
43.Ke3 Ke6 44.a4 c6 45.Kd2 Kd6 46.Kc1 Kd7 47.Kb2 Ke6 48.Ka3 Kd6 49.axb5 cxb5
50.c4 dxc4 51.g6 Ke6 52.d5+  1-0

[Event "Smith & Williamson"]
[Site "Witley"]
[Date "1998.07.23"]
[Round "8"]
[White "Levermore, Peter"]
[Black "Roberts, Mark"]
[Result "0-1"]
[WhiteElo "2090"]
[BlackElo "1976"]

1.e4 e6 2.d4 d5 3.Nc3 Bb4 4.e5 Qd7 5.a3 Bxc3+ 6.bxc3 b6 7.Qg4 f5 8.Qg3 Ba6
9.Bxa6 Nxa6 10.Ne2 Qf7 11.a4 Nb8 12.Nf4 Ne7 13.h4 Nbc6 14.Nh3 h6 15.Nf4 g6
16.Ba3 O-O-O 17.a5 g5 18.Nh3 Nxa5 19.hxg5 hxg5 20.Qxg5 Ng6 21.Rg1 Rdg8 22.Qd2 Nh4
23.Ng5 Qh5 24.f4 Qg4 25.Qf2 Nc4 26.Bc1 a5 27.Bd2 Nxg2+ 28.Kf1 Rh2 29.Rxg2 Rh1+
30.Rg1 Nxd2+  0-1

[Event "Saitek US Masters"]
[Site "Hawaii"]
[Date "1998.07.26"]
[Round "6"]
[White "Kobese, Watu"]
[Black "Villamayor, Bong"]
[Result "0-1"]
[WhiteElo "2415"]
[BlackElo "2280"]

1.e4 e6 2.d4 d5 3.Nc3 Bb4 4.e5 Qd7 5.a3 Bxc3+ 6.bxc3 b6 7.a4 Ba6 8.Bxa6 Nxa6
9.a5 Nb8 10.axb6 cxb6 11.Qg4 f5 12.Qh5+ Qf7 13.Qe2 Ne7 14.Nh3 O-O 15.O-O Nbc6
16.g3 h6 17.Nf4 Ng6 18.Ng2 Rfc8 19.h4 Na5 20.h5 Nf8 21.Bd2 Nc4 22.Be1 a5
23.f4 a4 24.Nh4 a3 25.Ra2 Ra5 26.g4 fxg4 27.f5 Qxh5 28.f6 g5 29.Nf5 exf5
30.e6 Qg6 31.e7 Re8 32.Bg3 Qxf6 33.exf8=Q+ Kxf8 34.Qxg4 Ne3 35.Qh5 Nxf1 36.Be5 Rxe5
37.dxe5 Ng3 38.Qh2 Qxe5 39.Qxh6+ Kf7 40.Qxb6 Ne4  0-1

[Event "Saitek US Masters"]
[Site "Hawaii"]
[Date "1998.07.27"]
[Round "7"]
[White "Shaked, Tal"]
[Black "Villamayor, Bong"]
[Result "1-0"]
[WhiteElo "2490"]
[BlackElo "2280"]

1.e4 e6 2.d4 d5 3.Nc3 Bb4 4.e5 Qd7 5.Bd2 b6 6.Bb5 c6 7.Ba4 Ba6 8.Nce2 Bxd2+
9.Qxd2 Bb5 10.Bxb5 cxb5 11.Nf3 Nc6 12.Nf4 h5 13.O-O Nge7 14.c3 g6 15.g3 Kf8
16.Kg2 Nf5 17.Ng5 Kg8 18.f3 Qe7 19.Nd3 b4 20.Nxb4 Nxb4 21.cxb4 Rc8 22.Rac1 Rxc1
23.Rxc1 Nxd4 24.Nxf7 Nxf3 25.Qf4 Ne1+ 26.Kf1 Nd3 27.Rc8+ Kg7 28.Qf6+ Qxf6+
29.exf6+ Kxf7 30.Rxh8 e5 31.Rh7+ Kxf6 32.Rxa7 Nxb4 33.a3 Nc2 34.Ra6 e4 35.Rxb6+ Ke5
36.Rc6 Nd4 37.Rc8 Nb3 38.a4 Kd4 39.Ke2 Na5 40.b4 Nc4 41.a5 Kc3  1-0

[Event "BCF-ch"]
[Site "Torquay"]
[Date "1998.07.30"]
[Round "4"]
[White "Alfred, Nathan"]
[Black "Kelly, Bryan"]
[Result "0-1"]
[WhiteElo "2225"]
[BlackElo "2390"]

1.e4 e6 2.d4 d5 3.Nc3 Bb4 4.e5 Ne7 5.a3 Bxc3+ 6.bxc3 b6 7.Qg4 Ng6 8.h4 h5
9.Qg5 Qxg5 10.hxg5 Ba6 11.Be2 Bxe2 12.Nxe2 Nc6 13.Ng3 h4 14.Nf1 Nce7 15.g4 hxg3
16.Rxh8+ Nxh8 17.Nxg3 Nhg6 18.a4 Kd7 19.Ba3 Nc6 20.Ke2 Rh8 21.Rh1 Rxh1 22.Nxh1 Na5
23.Bc1 Nc4 24.Ng3 Ne7 25.Nf1 Nc6 26.f4 Ke8 27.Ng3 Ne7 28.Kd3 Nf5 29.Nf1 a5
30.Nd2 Nfe3 31.Nb1 Ng2 32.Ke2 c6 33.Kf2 Nh4 34.Ba3 Nf5 35.Bc1 b5 36.axb5 cxb5
37.Na3 Nxa3 38.Bxa3 f6 39.gxf6 gxf6 40.Bc5 Ne7 41.Ke3 f5 42.Bb6 Nc6 43.Kd3 a4
44.Kd2 Kd7 45.Kc1 Kc8 46.Kb2 Kb7 47.Bc5 Na5 48.Be7 Nc4+ 49.Ka2 Kc7  0-1

[Event "Budapest FS08 GM"]
[Site "Budapest"]
[Date "1998.08.05"]
[Round "5"]
[White "Fogarasi, Tibor"]
[Black "Karatorossian, David"]
[Result "0-1"]
[WhiteElo "2440"]
[BlackElo "2375"]

1.e4 e6 2.d4 d5 3.Nc3 Bb4 4.e5 b6 5.Qg4 Bf8 6.Bg5 Qd7 7.f4 Ba6 8.Nf3 Bxf1
9.Rxf1 Nc6 10.O-O-O Nge7 11.Qh5 h6 12.Bxe7 Nxe7 13.Ne1 g6 14.Qe2 h5 15.g3 Nf5
16.Ng2 Bb4 17.Qd3 Bxc3 18.Qxc3 c5 19.dxc5 Rc8 20.Qd2 Rxc5 21.Ne3 Nxe3 22.Qxe3 Qc6
23.c3 Qa4 24.a3 O-O 25.Rd4 Qb3 26.Rb4 Qa2 27.Kc2 Rfc8 28.f5 Rxc3+ 29.Qxc3 Rxc3+
30.Kxc3 gxf5 31.h3 a5 32.Rbf4 b5 33.g4 hxg4 34.hxg4 b4+ 35.axb4 a4 36.R1f2 Qb3+
37.Kd4 Qxb4+ 38.Kd3 Qb3+ 39.Kd4 Qc4+ 40.Ke3 Qb3+ 41.Kd4 Qc4+ 42.Ke3 Qc1+
43.Kd4 fxg4 44.Rxg4+ Kf8 45.Rgf4 Qc4+ 46.Ke3 Qb3+ 47.Kd4 Qb6+ 48.Kd3 f5 49.exf6 e5
50.Rf5 e4+ 51.Ke2 Qxb2+ 52.Kf1 Qb1+ 53.Kg2 e3 54.Rf1 Qe4+  0-1

[Event "ESP-ch"]
[Site "Linares"]
[Date "1998.08.12"]
[Round "1"]
[White "Saez Gabikagogeaskoa, Oscar"]
[Black "Del Rio de Angeles, Gabriel"]
[Result "0-1"]
[WhiteElo "2020"]
[BlackElo "2365"]

1.e4 e6 2.d4 d5 3.Nc3 Bb4 4.e5 Ne7 5.a3 Bxc3+ 6.bxc3 c5 7.Qg4 O-O 8.Nf3 Nbc6
9.Bd3 f5 10.exf6 Rxf6 11.Bg5 e5 12.Bxh7+ Kxh7 13.Qh5+ Kg8 14.Bxf6 gxf6 15.dxe5 Qf8
16.O-O Qf7 17.Qxf7+ Kxf7 18.exf6 Kxf6 19.Rad1 Bf5 20.Rd2 Na5 21.Re1 Nc4 22.Rde2 Ng6
23.a4 Rg8 24.Re8 Rxe8 25.Rxe8 Bxc2 26.Rd8 Bxa4 27.Rxd5 b6 28.Rd8 Bc6 29.Nd2 Ke7
30.Rg8 Nxd2 31.Rxg6 Be8 32.Rg7+ Bf7 33.Rg3 a5 34.Rd3 Nc4  0-1

[Event "Mislata op7th"]
[Site "Valencia"]
[Date "1998.08.18"]
[Round "6.4"]
[White "Arizmendi Martinez, Julen Luis"]
[Black "Gonzales, Jorge A"]
[Result "1/2-1/2"]
[WhiteElo "2440"]
[BlackElo "2385"]

1.e4 e6 2.d4 d5 3.Nc3 Bb4 4.e5 b6 5.a3 Bf8 6.Bb5+ c6 7.Ba4 a5 8.Nce2 Ba6
9.c3 Bb5 10.Bc2 a4 11.Nf3 h6 12.O-O c5 13.Be3 Nc6 14.Ne1 cxd4 15.cxd4 Qd7
16.Nd3 Na5 17.Nc3 Nc4 18.h4 Ne7 19.h5 Nf5 20.Qe1 Be7 21.g4 Nfxe3 22.fxe3 Bg5
23.Rf3 Bc6 24.Qf2 f6 25.exf6 gxf6 26.Nb4 O-O 27.Nxc6 Qxc6 28.Bd3 Rac8 29.Na2 Qd6
30.Re1 e5 31.Nb4 e4 32.Bxc4 dxc4 33.Rf5 c3 34.bxc3 Rxc3 35.Nd5 Rxa3 36.Kh1 Rb3
37.Qg2 a3 38.Qxe4 Rb2 39.Rf4 f5 40.gxf5 a2 41.f6 Kh8 42.Ne7 Bxf4 43.Ng6+ Kg8
44.Nxf4 Qxf6 45.Rg1+ Qg5 46.Rxg5+ hxg5 47.Qg6+ Kh8 48.Qh6+ Kg8 49.Qxg5+ Kh7
50.Qe7+ Kg8 51.Qg5+  1/2-1/2

[Event "Dresden op"]
[Site "Dresden"]
[Date "1998.08.23"]
[Round "8"]
[White "Socko, Bartosz"]
[Black "Dittmar, Peter"]
[Result "1-0"]
[WhiteElo "2475"]
[BlackElo "2305"]

1.e4 e6 2.d4 d5 3.Nc3 Bb4 4.e5 Ne7 5.a3 Bxc3+ 6.bxc3 b6 7.Qg4 Ng6 8.Bg5 Qd7
9.h4 Qa4 10.h5 Nxe5 11.Qg3 Nec6 12.Qxc7 O-O 13.Bd3 Ba6 14.h6 Bxd3 15.hxg7 Re8
16.cxd3 e5 17.Rxh7 exd4+ 18.Kf1 Ne5 19.Rh8+ Kxg7 20.Rxe8 Qxe8 21.Re1 Nbc6
22.Bf4 Rc8 23.Bxe5+ Nxe5 24.Qxe5+ Qxe5 25.Rxe5 Rxc3 26.Nf3 Rxd3 27.Rxd5 Rxa3
28.Nxd4 Ra2 29.Rb5 Kf6 30.g3 Ke7 31.Kg2 Kd6 32.Kf3 a6 33.Rf5 Ke7 34.Ke4 f6
35.g4 b5 36.Kd5 Rd2 37.Kc5 Rd3 38.f3 Rd1 39.Ne2 Re1 40.Nf4 Kf7 41.Nd5 Re6
42.g5 Kg6 43.Rxf6+  1-0

[Event "Karl Wagner mem 5th"]
[Site "Graz"]
[Date "1998.09.05"]
[Round "1.1"]
[White "Aschenbrenner, Robert"]
[Black "Eingorn, Vereslav S"]
[Result "0-1"]
[WhiteElo "2210"]
[BlackElo "2610"]

1.e4 e6 2.d4 d5 3.Nc3 Bb4 4.e5 Ne7 5.a3 Bxc3+ 6.bxc3 c5 7.Qg4 Kf8 8.a4 Qc7
9.Nf3 b6 10.Ba3 Ba6 11.Bd3 cxd4 12.Qxd4 Nc6 13.Qf4 Bxd3 14.cxd3 Kg8 15.Bd6 Qd7
16.O-O h6 17.c4 Rd8 18.c5 bxc5 19.Bxc5 Ng6 20.Qg3 Kh7 21.d4 Rb8 22.Nd2 Rhc8
23.f4 Kg8 24.Qa3 Qd8 25.f5 exf5 26.Rxf5 Qa5 27.Qd3 Ncxe5 28.Qe3 Ng4 29.Qg3 Nf6
30.Nb3 Qa6 31.Raf1 Re8 32.Nd2 Rb2 33.Nf3 Ree2 34.Ne1 Qe6 35.R5f3 Ne4 36.Qc7 Ng5
37.Rf5 Rxe1  0-1

[Event "CRO-chT"]
[Site "Porec"]
[Date "1998.09.10"]
[Round "5"]
[White "Fercec, Nenad"]
[Black "Kovacevic, Blazimir"]
[Result "1-0"]
[WhiteElo "2490"]
[BlackElo "2440"]

1.e4 e6 2.d4 d5 3.Nc3 Bb4 4.e5 Qd7 5.a3 Bxc3+ 6.bxc3 b6 7.Qg4 f5 8.Qg3 Ba6
9.Bxa6 Nxa6 10.Ne2 O-O-O 11.a4 Nb8 12.a5 Nc6 13.axb6 cxb6 14.Nf4 Na5 15.Rxa5 bxa5
16.O-O g6 17.Ba3 Qc6 18.Qh4 h6 19.Nxg6 Rh7 20.Bc5 Rg7 21.Qh5 Qe8 22.Nf4 Qxh5
23.Nxh5 Rb7 24.h3 Ne7 25.Ra1 Nc6 26.Nf4 Re8 27.Nd3 Rb5 28.f3 Kd7 29.Kf2 Reb8
30.g4 Rb1 31.Ra2 Rh1 32.Bd6 Rbb1 33.Nc5+ Ke8 34.Nxe6 fxg4 35.hxg4 Ra1 36.Rxa1 Rxa1
37.f4 a4 38.f5 a3 39.Nc7+ Kd7 40.f6 Nd8 41.e6+ Nxe6 42.f7 a2 43.Nxe6 Rf1+
44.Kxf1 a1=Q+ 45.Kg2 Kxd6 46.f8=Q+ Kxe6 47.Qxh6+ Kf7 48.Qc6 Qa5 49.g5 Qd8
50.Qh6 a5 51.g6+ Ke6 52.Qh3+ Kd6 53.g7  1-0

[Event "CRO-chT"]
[Site "Porec"]
[Date "1998.09.14"]
[Round "8"]
[White "Stadler, Brigita"]
[Black "Medic, Mirjana"]
[Result "1/2-1/2"]
[WhiteElo "2080"]
[BlackElo "2330"]

1.e4 e6 2.d4 d5 3.Nc3 Bb4 4.e5 Ne7 5.a3 Bxc3+ 6.bxc3 c5 7.Nf3 Bd7 8.a4 Qa5
9.Bd2 Nbc6 10.Bb5 c4 11.O-O h6 12.Re1 O-O-O 13.Qb1 g5 14.h3 Rdg8 15.Qc1 g4
16.hxg4 Rxg4 17.g3 Nf5 18.Kg2 Rhg8 19.Rh1 Qd8 20.Bxc6 Bxc6 21.Bxh6  1/2-1/2

[Event "Elista ol (Men)"]
[Site "Elista"]
[Date "1998.09.29"]
[Round "1"]
[White "Spangenberg, Hugo"]
[Black "Cueto, Johny"]
[Result "1-0"]
[WhiteElo "2520"]
[BlackElo "2350"]

1.e4 e6 2.d4 d5 3.Nc3 Bb4 4.e5 Ne7 5.Bd2 b6 6.Nf3 Qd7 7.Ne2 Bxd2+ 8.Qxd2 Ba6
9.Ng3 Bxf1 10.Rxf1 c5 11.Nh5 O-O 12.Nf6+ gxf6 13.exf6 Qd8 14.fxe7 Qxe7 15.O-O-O Nc6
16.Qh6 Kh8 17.dxc5 bxc5 18.Rfe1 Qc7 19.Ng5 Qf4+ 20.Re3 Qf5 21.Nxh7  1-0

[Event "Elista ol (Men)"]
[Site "Elista"]
[Date "1998.09.30"]
[Round "2"]
[White "Wong Zi Jing"]
[Black "Rodgaard, John"]
[Result "1/2-1/2"]
[WhiteElo "2120"]
[BlackElo "2320"]

1.e4 e6 2.d4 d5 3.Nc3 Bb4 4.e5 Ne7 5.a3 Bxc3+ 6.bxc3 b6 7.Nf3 c5 8.Bb5+ Bd7
9.a4 Bxb5 10.axb5 Qc7 11.Qd3 h6 12.O-O O-O 13.Ra2 Rc8 14.Bd2 a5 15.bxa6 c4
16.Qe2 Rxa6 17.Rxa6 Nxa6 18.Nh4 Ng6 19.Nxg6 fxg6 20.Ra1 Ra8 21.Qg4 Qf7 22.Qd1 Qb7
23.Qb1 Nc7 24.Kf1 Rxa1 25.Qxa1 Qa6 26.Qxa6 Nxa6 27.Bc1 Nc7 28.Ba3 g5 29.g4 Kf7  1/2-1/2

[Event "Elista ol (Men)"]
[Site "Elista"]
[Date "1998.10.04"]
[Round "6"]
[White "Al Sayed, Mahamad Naser"]
[Black "Hawes, Jonathan"]
[Result "1-0"]
[WhiteElo "2090"]
[BlackElo "2100"]

1.e4 e6 2.d4 d5 3.Nc3 Bb4 4.e5 Qd7 5.a3 Bxc3+ 6.bxc3 b6 7.Qg4 f5 8.exf6 Nxf6
9.Qh3 Nc6 10.Nf3 O-O 11.Bb5 Bb7 12.O-O a6 13.Ne5 Qe8 14.Bxc6 Bxc6 15.a4 Ne4
16.f3 Nxc3 17.Re1 Rf6 18.Ra3 Nxa4 19.Bg5 Rf5 20.f4 Bd7 21.g4 Rf8 22.Qh4 a5
23.Rh3 h5 24.gxh5 Kh7 25.Kh1 Nb2 26.Rg1 Nc4 27.Ng6 e5 28.h6 Qxg6 29.hxg7+ Kg8
30.gxf8=Q+ Rxf8 31.Bh6  1-0

[Event "Budapest FS10 IM-B"]
[Site "Budapest"]
[Date "1998.10.06"]
[Round "4"]
[White "Lengyel, Bela"]
[Black "Hammes, Michael"]
[Result "1-0"]
[WhiteElo "2385"]
[BlackElo "2360"]

1.e4 e6 2.d4 d5 3.Nc3 Bb4 4.e5 Ne7 5.a3 Bxc3+ 6.bxc3 c5 7.a4 Nbc6 8.Nf3 Qa5
9.Qd2 Bd7 10.Bd3 cxd4 11.cxd4 Qxd2+ 12.Bxd2 Nf5 13.Bc3 Rc8 14.Kd2 O-O 15.a5 Rc7
16.Rhb1 Nfe7 17.Ra3 Ng6 18.Ke3 f6 19.Bb4 Nxb4 20.Rxb4 Ne7 21.Rab3 Bc6 22.Rc3 Rfc8
23.h4 Be8 24.Rcb3 Bc6 25.h5 h6 26.g4 a6 27.Ne1 fxe5 28.dxe5 d4+ 29.Rxd4 Bd5
30.Ra3 Nc6 31.Rxd5 exd5 32.f4 Na7 33.Nf3 Rc3 34.Ra4 Nb5 35.Nd4 R8c4 36.Nxb5 axb5
37.Ra1 Ra4 38.Rb1 Rxa5 39.Kd4 Rc8 40.Kxd5 Ra4 41.Rf1 b4 42.Bg6 Kf8 43.g5 Ra5+
44.Kd4 hxg5 45.fxg5+ Ke7 46.h6 gxh6 47.Rf7+ Ke6 48.Rf6+ Ke7 49.gxh6 Rh8 50.h7 Ra6
51.Rf7+ Ke6 52.Rxb7 Rc6 53.Rxb4 Rd8+ 54.Ke4 Rh8 55.Bf5+ Kf7 56.Rb7+ Kf8 57.Kd5 Rc3
58.Bg6 Rc8 59.Ke6  1-0

[Event "Elista ol (Men)"]
[Site "Elista"]
[Date "1998.10.07"]
[Round "9"]
[White "Mitkov, Nikola"]
[Black "Rodgaard, John"]
[Result "1/2-1/2"]
[WhiteElo "2515"]
[BlackElo "2320"]

1.e4 e6 2.Nc3 d5 3.d4 Bb4 4.e5 Ne7 5.Bd2 Bxc3 6.Bxc3 b6 7.b4 c5 8.b5 a6 9.a4 Nd7
10.Nf3 Qc7 11.Bd3 cxd4 12.Bxd4 Nc5 13.O-O Bd7 14.Qe2 Nxd3 15.cxd3 axb5 16.axb5 O-O
17.Qb2 Qb7 18.Rfc1 Rfc8 19.Rxc8+ Nxc8 20.Qb4 Rxa1+ 21.Bxa1 Qc7 22.Bb2 Qc5
23.Qh4 Bxb5 24.Nd4 h6 25.Qd8+ Kh7 26.h3 Na7 27.Nf3 Nc6 28.Qc7 Nd4 29.Qxf7 Nxf3+
30.Qxf3 Qc2 31.Bd4 Bxd3 32.Bxb6 Qb1+ 33.Kh2 Qxb6 34.Qxd3+ Kg8 35.Kg3 Qc5
36.f4 d4 37.Kf2 Qd5 38.Qf3 Qa2+ 39.Ke1 Qc2 40.g4  1/2-1/2

[Event "Oberliga Sued W9899"]
[Site "Wuertemberg"]
[Date "1998.10.11"]
[Round "1"]
[White "Warthmann, Ralf"]
[Black "Berezovsky, Igor"]
[Result "0-1"]
[WhiteElo "2185"]
[BlackElo "2375"]

1.e4 e6 2.d4 d5 3.Nc3 Bb4 4.e5 Qd7 5.Bd2 b6 6.Qg4 Bf8 7.h4 h5 8.Qf3 Ne7 9.Bg5 Ba6
10.Bxa6 Nxa6 11.Nge2 Nf5 12.O-O-O Be7 13.Nf4 g6 14.Bxe7 Nxe7 15.g4 hxg4 16.Qxg4 O-O-O
17.h5 gxh5 18.Nxh5 Qc6 19.Ng3 Kb7 20.Qg5 Ng6 21.Qf6 Rhg8 22.Rh7 Nb8 23.Rdh1 Rde8
24.Rxf7 Nd7 25.Qf3 Ngxe5 26.dxe5 Nxe5 27.Qf6 Nxf7 28.Qxf7 Rgf8 29.Qg6 Rxf2
30.Rd1 Rh8 31.Nge2 Rhh2 32.Nd4 Qd7 33.Re1 e5 34.Nd1 Rfg2 35.Qe6 Qxe6 36.Nxe6 Rxc2+
37.Kb1 e4 38.Nf4 Rcd2 39.Kc1 Rc2+ 40.Kb1 Rcd2 41.Kc1 a5 42.Re3 a4 43.a3 b5
44.Re1 Kc6 45.Rg1 d4 46.Rg6+ Kb7 47.Ne6 e3 48.Nc5+ Ka7  0-1

[Event "Elista ol (Men)"]
[Site "Elista"]
[Date "1998.10.12"]
[Round "13"]
[White "Markovic, Miroslav"]
[Black "Villamayor, Bong"]
[Result "1-0"]
[WhiteElo "2575"]
[BlackElo "2280"]

1.e4 e6 2.d4 d5 3.Nc3 Bb4 4.e5 Qd7 5.a3 Bxc3+ 6.bxc3 b6 7.Nh3 Ba6 8.Bxa6 Nxa6
9.Nf4 Nb8 10.Qg4 g6 11.Nd3 Qa4 12.Qe2 Nd7 13.O-O c5 14.Nb2 Qc6 15.a4 Ne7
16.Bg5 h6 17.Bf6 Nxf6 18.exf6 Nf5 19.Nd3 O-O 20.Qd2 Kh7 21.dxc5 bxc5 22.Ne5 Qc7
23.Rfe1 d4 24.c4 Ne3 25.Rxe3 dxe3 26.Qxe3 Rad8 27.Ng4 g5 28.Qh3  1-0